00849cam a22002777a 4500003000500000005001700005008004100022010001000063011001000073020001500083035001000098040000900108100002100117245014700138260006000285300002900345410002900374490002200403650001900425650002000444650001800464650001700482700002100499810002900520830002200549CHAP20220817043838.0020628d2001 us a r 00110 eng d a85947 a86919 a0520098404 a97459 cCHAP00aLandry, Bernard.10aSystematics and phylogeny of Sparganothina and related taxa (Lepidoptera: Tortricidae: Sparganothini)c/por Bernard Landry and Jerry A. Powell aBerkeley, Cal. :bUniversity of California Press,c2001 a82 p. :bilus. ; laminas21aUniversity of California 0aEntomologyv; 12114aEntomología.14aLepidópteros.14aSparganothis.14aTortricidae.0 aPowell, Jerry A.21aUniversity of California0 aEntomologyv; 121